
Library Catalogue

| 000 -LEADER | |
|---|---|
| fixed length control field | 01420cam a2200217 i 4500 |
| 003 - CONTROL NUMBER IDENTIFIER | |
| control field | OSt |
| 005 - DATE AND TIME OF LATEST TRANSACTION | |
| control field | 20260430085916.0 |
| 008 - FIXED-LENGTH DATA ELEMENTS--GENERAL INFORMATION | |
| fixed length control field | 130409s2013 nyub b 000 0 eng |
| 020 ## - INTERNATIONAL STANDARD BOOK NUMBER | |
| International Standard Book Number | 9781108461894 (pbk.) |
| 082 00 - DEWEY DECIMAL CLASSIFICATION NUMBER | |
| Classification number | 306.850954 NEW |
| 100 1# - MAIN ENTRY--PERSONAL NAME | |
| Personal name | Newbigin, Eleanor, |
| 245 14 - TITLE STATEMENT | |
| Title | The Hindu family and the emergence of modern India : |
| Remainder of title | Law, citizenship and community / |
| Statement of responsibility, etc. | Eleanor Newbigin. |
| 264 #1 - PRODUCTION, PUBLICATION, DISTRIBUTION, MANUFACTURE, AND COPYRIGHT NOTICE | |
| Place of production, publication, distribution, manufacture | New York : |
| Name of producer, publisher, distributor, manufacturer | Cambridge University Press, |
| Date of production, publication, distribution, manufacture, or copyright notice | 2013. |
| 300 ## - PHYSICAL DESCRIPTION | |
| Extent | xiii, 263 p. : |
| Dimensions | 24 cm. |
| 490 0# - SERIES STATEMENT | |
| Series statement | Cambridge studies in Indian history and society |
| 505 0# - Contents | |
| Contents | List of maps;<br/>List of tables;<br/>List of abbreviations;<br/>Introduction;<br/>Making the modern Indian family : property rights and the individual in Colonial Law;<br/>Financing a new citizenship : the Hindu family, income tax and political representation in late-colonial India;<br/>Wives and property or wives as property? : the Hindu family and women's property rights;<br/>The Hindu code bill : creating the modern, Hindu legal subject;<br/>B.R. Ambedkar's Code Bill : caste, marriage and post-colonial Indian citizenship;<br/>Family, nation and economy : establishing a post-colonial patriarchy;<br/>Conclusion;<br/>Appendix: law members involved with the Hindu code bill 1941-56;<br/>Bibliography. |
| 650 #0 - SUBJECT ADDED ENTRY--TOPICAL TERM | |
| Topical term or geographic name entry element | Families |
| Geographic subdivision | India |
| General subdivision | History |
| Chronological subdivision | 21st century. |
| 650 #0 - SUBJECT ADDED ENTRY--TOPICAL TERM | |
| Topical term or geographic name entry element | Hindus |
| Geographic subdivision | India |
| General subdivision | Social life and customs. |
| 650 #0 - SUBJECT ADDED ENTRY--TOPICAL TERM | |
| Topical term or geographic name entry element | Hindus |
| General subdivision | Legal status, laws, etc. |
| 942 ## - ADDED ENTRY ELEMENTS (KOHA) | |
| Source of classification or shelving scheme | Dewey Decimal Classification |
| Koha item type | BOOKs |
| Withdrawn status | Lost status | Source of classification or shelving scheme | Materials specified (bound volume or other part) | Damaged status | Not for loan | Home library | Current library | Shelving location | Date acquired | Source of acquisition | Cost, normal purchase price | Total Checkouts | Full call number | Barcode | Checked out | Date last seen | Date last checked out | Price effective from | Koha item type |
|---|---|---|---|---|---|---|---|---|---|---|---|---|---|---|---|---|---|---|---|
| Dewey Decimal Classification | PB | NLS | NLS | 14/08/2018 | Purchased | 495.00 | 2 | 306.850954 NEW-1 | 36408 | 31/08/2026 | 02/06/2026 | 02/06/2026 | 14/08/2019 | BOOKs | |||||
| Dewey Decimal Classification | PB | NLS | NLS | 14/08/2018 | Purchased | 495.00 | 2 | 306.850954 NEW-2 | 36409 | 14/06/2024 | 22/06/2023 | 14/08/2019 | BOOKs |